000
00241nam a2200109Ia 4500
008
240625s9999 xx 000 0 und d
041
_a
eng
082
_a
657 BAP
100
_a
BAPAT VARADRAJ
245
_a
FINANCIAL ACCOUNTING
260
_c
2012
999
_c
39659
_d
39659